000
00296nam a22001337a 4500
008
171123b xxu||||| |||| 00| 0 eng d
020
_a
9780321749000
041
_a
eng
080
_2
10TH
_a
51
100
_a
37
101
_a
MAT
245
_a
CALCULUS WITH APPLICATIONS
_c
LIAL,
942
_2
udc
_c
BK
999
_c
38309
_d
38309